000 00888nam a2200253Ia 4500
003 OSt
005 20220923212132.0
006 a|||||r|||| 00| 0
007 ta
008 220922b |||||||| |||| 00| 0 hin d
024 _a151,046
037 _cTextual
040 _aARTS
_cARTS
_bhin
041 _2hin
_ahin
082 _aO:f, 152M3
100 _aसिंहल, शशि भूषण, संपा.
_9160210
245 0 _aअन्तर विद्यावर्ती शोध
246 _aAntar vidyāvartī shodha
260 _aरोहतक
_b महर्षि दयानन्द विश्वविद्यालय
_c1983
300 _a379 पृ.
_ccm.
650 _aहिन्दी साहित्य
_9156264
942 _hO:f, 152M3
_cTEXL
_2CC
999 _c306719
_d306719